00195nam a2200085 a 450000500170000000800410001705000180005824500220007644000110009820140414093829.0970101s19uu xx 00 eng d aVHS 800bR 40 aSchindler's list. aVol. 1